| 000 | 00826nam a2200181Ia 4500 | ||
|---|---|---|---|
| 003 | GCL | ||
| 005 | 20240530102044.0 | ||
| 008 | 140319s9999 xx 000 0 ara d | ||
| 040 |
_aGCL / _cGCL |
||
| 082 | 0 | 4 |
_a220 _bس ق |
| 100 | 1 | _aجلال الدين محمد بن احمد المحلى | |
| 245 | 1 | 0 |
_aالقران الكريم : بالرسم العثمانى وبهامشه تفسير الامامين الجليلين مذيلا باسباب النزول للسيوطى / _cجلال الدين محمد بن احمد المحلى |
| 260 |
_a[S.N] : _bدار الكتب العلمية للنشر والتوزيع |
||
| 300 | _a830 ص | ||
| 650 | 0 | 4 | _aالقران |
| 700 | 1 | _aالسيوطى : جلال الدين ابوالفضل عبدالرحمن بن ابى بكر بن محمد الخضيرى | |
| 942 |
_2ddc _cBK |
||
| 999 |
_c29468 _d29468 |
||